000
00296nam a22001337a 4500
008
170818b xxu||||| |||| 00| 0 eng d
020
_a
9780471527398
041
_a
eng
080
_2
6TH
_a
51
100
_a
37
101
_a
MAT
245
_a
ELEMENTARY LINEAR ALGEBRA
_c
ANTON,H
942
_2
udc
_c
BK
999
_c
24108
_d
24108